000 00511nam a2200157Ia 4500
008 151213s9999 xx 000 0 und d
100 _aমো: শামছুল হক
245 _aবাংলাদেশ শ্রম আইন ২০০৭
_cমো: শামছুল হক
250 _a১ম সং
260 _aঢাকা
_bমোছা: রোমানা হক
_c2007
300 _a3821 p.
650 _aLaw
650 _aLaw
700 _aমো: শামছুল হক
999 _c2511
_d2511